000 00401nam a2200145Ia 4500
008 211109s9999||||xx |||||||||||||| ||und||
082 _a894.8122
_bURI-T
100 _aUrippidies,
245 0 _aTrogan Sthreekal
260 _bDC Books
_aKottayam
_c1961
300 _a138p.
630 _xPOST GRADUATE REFERENCE
650 _aMalayalam literature
_vMalayalam dramaLiterature
_xGeneralia
942 _cBOOK
999 _c27565
_d27565